000 00921nmc a2200337 a 4500
003 AR-BaBNM
005 20251128211738.0
008 106020s2004 ||||||||||||||000 | spa||
020 _a84-8063-639-4
040 _cAR-BaBNM
100 1 _aEfland, Arthur D.
245 1 0 _aArte y cognición
_bla integración de las artes visuales en el currículum
250 _a1ª ed.
260 _aBarcelona
_bOctaedro
_c2004
300 0 _a246 p.
490 0 _aIntersecciones
_vv. 4
504 _aContiene referencias bibliográficas
600 1 4 _aPiaget, Jean
600 1 4 _aVigotsky, Liev Semiónovich
650 4 _aARTE
650 4 _aEDUCACION ARTISTICA
650 4 _aDIDACTICA
650 4 _aCURRICULO
650 4 _aIMAGINACION
650 4 _aTEORIAS PSICOLOGICAS
653 0 _aESTRATEGIAS DIDACTICAS
653 0 _aPSICOLOGIA COGNITIVA
653 0 _aEDUCACION VIRTUAL
942 _cBK
998 _cme-solo cat
999 _c20933
_d20933